A Minefield Puzzle Quiz Stats

 Plays Quiz Updated Oct 22, 2014

Challenge
Share
Tweet
Score 0/30 Timer 20:00
7 Plays Today
Spot Square % Correct
A1



???
100%
A5



???
83.7%
E5



???
80.6%
B3



???
77.3%
D3



???
76.7%
D1



???
76.7%
F3



???
75.6%
C3



???
75.5%
B2



???
73.3%
B4



???
71.9%
F1



???
66.7%
B1



???
63.2%
F5



???
56%
D2



???
53.8%
E3



???
48.7%
Spot Square % Correct
A3



???
47.7%
E2



???
46.8%
C1



???
43.2%
E1



???
43%
A4



???
39.9%
A2



???
39.2%
D4



???
38.2%
B5



???
34.9%
C4



???
32.5%
D5



???
32.1%
C2



???
31.3%
C5



???
29.2%
F2



???
26%
E4



???
23.6%
F4



???
23.6%

You're not logged in!

Compare scores with friends on all Sporcle quizzes.
Join for Free
OR
Log In

You Might Also Like...

Show Comments

Extras

Top Quizzes Today


Score Distribution

Your Account Isn't Verified!

In order to create a playlist on Sporcle, you need to verify the email address you used during registration. Go to your Sporcle Settings to finish the process.

Report this User

Report this user for behavior that violates our Community Guidelines.

Details: